[Event "SVK-chT2C 2223"]
[Site "Slovakia"]
[Date "2022.10.09"]
[Round "2.8"]
[White "Csernok, Ladislav"]
[Black "Micak, Miroslav"]
[Result "1/2-1/2"]
[WhiteElo "1736"]
[BlackElo "1695"]
[PlyCount "156"]
[EventDate "2022.10.08"]
[EventType "team-tourn"]
[EventRounds "11"]
[EventCountry "SVK"]
[SourceTitle "CBM 210 Extra"]
[Source "ChessBase"]
[SourceDate "2022.11.30"]
[SourceVersion "1"]
[SourceVersionDate "2022.11.30"]
[SourceQuality "1"]
[WhiteTeam "Filakovo"]
[BlackTeam "Rajecke Teplice"]
[WhiteTeamCountry "SVK"]
[BlackTeamCountry "SVK"]

1. e4 c5 2. Nc3 Nc6 3. g3 e6 4. Bg2 Be7 5. f4 d6 6. Nf3 a6 7. 0-0 b5 8. d3 Bb7 9. Be3 Qc7 10. f5 Nf6 11. h3 0-0 12. g4 b4 13. Ne2 exf5 14. exf5 Nd5 15. Bf2 Bf6 16. Rb1 Rfe8 17. Qd2 Ne5 18. Nxe5 dxe5 19. Rfe1 Rad8 20. c4 Nb6 21. Qc2 Bxg2 22. Kxg2 Qc6+ 23. Kh2 h5 24. Ng3 hxg4 25. hxg4 Bg5 26. Ne4 Bf4+ 27. Kg2 Nd7 28. Rbd1 Nf6 29. Qe2 Nxe4 30. Qxe4 Qc7 31. b3 f6 32. Rh1 Re7 33. Rh3 Red7 34. Rdh1 Kf7 35. Rd1 Rc8 36. Rdh1 Qc6 37. Qxc6 Rxc6 38. Rd1 a5 39. Kf3 Ra7 40. Ke4 Rc8 41. Ra1 a4 42. Rhh1 Bd2 43. Rab1 Bc3 44. Rh3 axb3 45. axb3 Ra2 46. Be3 Re2 47. Kf3 Rc2 48. Ke4 Ra2 49. Rh7 Bd4 50. Bxd4 exd4 51. Kd5 Kg8 52. Rbh1 Kf7 53. Rh8 Rxh8 54. Rxh8 Rg2 55. Kxc5 Rxg4 56. Kxb4 Rg3 57. c5 Rxd3 58. Kc4 Rc3+ 59. Kxd4 Rxb3 60. Kd5 Rd3+ 61. Kc6 Rf3 62. Rh5 Ke7 63. Kc7 Rf1 64. c6 Rf2 65. Rh4 Rxf5 66. Rd4 g5 67. Rd7+ Ke6 68. Kd8 Rc5 69. c7 f5 70. c8Q Rxc8+ 71. Kxc8 f4 72. Kc7 g4 73. Rg7 Kf5 74. Kd6 f3 75. Kd5 Kf4 76. Kd4 g3 77. Rf7+ Kg4 78. Ke3 f2 1/2-1/2

[Event "SVK-chT2C 1920"]
[Site "Slovakia"]
[Date "2020.01.26"]
[Round "7.8"]
[White "Csernok, Ladislav"]
[Black "Stevik, Patrik"]
[Result "0-1"]
[WhiteElo "1752"]
[BlackElo "1896"]
[PlyCount "66"]
[EventDate "2019.10.26"]
[EventType "team-tourn"]
[EventRounds "11"]
[EventCountry "SVK"]
[SourceTitle "CBM 194 Extra"]
[Source "ChessBase"]
[SourceDate "2020.03.31"]
[SourceVersion "1"]
[SourceVersionDate "2020.03.31"]
[SourceQuality "1"]
[WhiteTeam "Filakovo"]
[BlackTeam "Zvolen Slavia"]
[WhiteTeamCountry "SVK"]
[BlackTeamCountry "SVK"]

1. e4 g6 2. d4 Bg7 3. Nf3 d6 4. Bd3 Nf6 5. 0-0 0-0 6. c4 a6 7. Nc3 Bd7 8. Bg5 h6 9. Bh4 c5 10. d5 b5 11. Qc2 bxc4 12. Bxc4 Bg4 13. Qd3 Bxf3 14. Qxf3 Nbd7 15. Qe2 Qa5 16. f4 Nb6 17. Rae1 Qb4 18. Bxa6 Ra7 19. Bb5 Rb8 20. Bc6 Nc4 21. e5 Nh7 22. exd6 exd6 23. Ne4 Rxa2 24. Rc1 Ne3 25. Nxd6 Rxb2 26. Qf3 Nxf1 27. Rxf1 Bd4+ 28. Kh1 Rb1 29. h3 Rxf1+ 30. Qxf1 Qb1 31. Qxb1 Rxb1+ 32. Kh2 Bg1+ 33. Kg3 Rb3+ 0-1

[Event "SVK-chT2C 1819"]
[Site "Slovakia"]
[Date "2019.04.07"]
[Round "11.8"]
[White "Carnecka, Stella"]
[Black "Csernok, Ladislav"]
[Result "0-1"]
[WhiteElo "1488"]
[BlackElo "1746"]
[PlyCount "124"]
[EventDate "2018.10.13"]
[EventType "team-tourn"]
[EventRounds "11"]
[EventCountry "SVK"]
[SourceTitle "EXT 2020"]
[Source "ChessBase"]
[SourceDate "2019.10.17"]
[SourceVersion "1"]
[SourceVersionDate "2019.10.17"]
[SourceQuality "1"]
[WhiteTeam "Zilina Mladost II"]
[BlackTeam "Filakovo"]
[WhiteTeamCountry "SVK"]
[BlackTeamCountry "SVK"]

1. c4 Nf6 2. Nc3 d5 3. d4 c6 4. Bf4 e6 5. e3 Bd6 6. Bg3 Bxg3 7. hxg3 Nbd7 8. Nf3 0-0 9. Bd3 dxc4 10. Bxc4 c5 11. dxc5 Nxc5 12. Qc2 b6 13. b4 Ncd7 14. Bd3 g6 15. Nh4 Ne5 16. Rd1 Qe7 17. a3 Bb7 18. Be4 Rac8 19. Bxb7 Qxb7 20. Qb2 Rfd8 21. 0-0 Nc4 22. Rxd8+ Rxd8 23. Qa1 Ne4 24. Nxe4 Qxe4 25. Nf3 Nd2 26. Rd1 Nxf3+ 27. gxf3 Rxd1+ 28. Qxd1 Qe5 29. Qd8+ Kg7 30. Qd4 Qxd4 31. exd4 Kf6 32. Kf1 e5 33. dxe5+ Kxe5 34. Ke2 Kd4 35. Kd2 h5 36. f4 f6 37. Kc2 Kc4 38. f3 b5 39. Kd2 Kb3 40. g4 Kxa3 41. f5 h4 42. fxg6 h3 43. g7 h2 44. g8Q h1Q 45. Qd8 Qxf3 46. Qa5+ Kb3 47. Qxb5 Qf2+ 48. Kd1 Qd4+ 49. Kc1 Qc4+ 50. Qxc4+ Kxc4 51. Kd2 Kxb4 52. Ke3 a5 53. Kf4 a4 54. Kf5 a3 55. Kxf6 a2 56. g5 a1Q+ 57. Kf7 Qf1+ 58. Kg7 Kc5 59. g6 Kd6 60. Kh8 Qh3+ 61. Kg8 Ke6 62. g7 Kf6 0-1

[Event "SVK-chT2C 1516"]
[Site "Slovakia"]
[Date "2016.02.13"]
[Round "8.8"]
[White "Csernok, Ladislav"]
[Black "Marsina, Stefan"]
[Result "0-1"]
[WhiteElo "1729"]
[BlackElo "1966"]
[PlyCount "174"]
[EventDate "2015.10.17"]
[EventType "team-tourn"]
[EventRounds "11"]
[EventCountry "SVK"]
[SourceTitle "EXT 2017"]
[Source "ChessBase"]
[SourceDate "2016.10.25"]
[SourceVersion "1"]
[SourceVersionDate "2016.10.25"]
[SourceQuality "1"]
[WhiteTeam "Filakovo"]
[BlackTeam "Rajecke Teplice"]
[WhiteTeamCountry "SVK"]
[BlackTeamCountry "SVK"]

1. e4 g6 2. d4 d6 3. Nf3 Bg7 4. Be2 Nf6 5. Nc3 0-0 6. 0-0 b6 7. Bf4 Bb7 8. e5 Nfd7 9. Re1 Nc6 10. Bc4 Na5 11. Bd3 dxe5 12. dxe5 Nc5 13. Be4 Nxe4 14. Nxe4 Qc8 15. Qe2 Rd8 16. Bg5 Qe6 17. Nc3 Rd7 18. Rad1 Rad8 19. Rxd7 Rxd7 20. Bf4 Qg4 21. Bg3 Bxf3 22. Qxf3 Qxf3 23. gxf3 e6 24. b3 a6 25. Kf1 Nc6 26. a3 h5 27. f4 Kf8 28. Rd1 Ke8 29. Rxd7 Kxd7 30. Ke2 Bf8 31. a4 Be7 32. h3 Nd4+ 33. Kd3 Nf5 34. Ne4 b5 35. axb5 axb5 36. Bh2 c5 37. Bg1 Kc6 38. f3 Nh4 39. Ke2 Ng2 40. Be3 Nh4 41. Ng5 Bxg5 42. fxg5 Kd5 43. Bf4 Nf5 44. c3 Ne7 45. Kd3 c4+ 46. bxc4+ bxc4+ 47. Ke3 Nc6 48. Bg3 Nxe5 49. h4 Nd3 50. Bh2 Ne5 51. Bg3 Nc6 52. f4 Ne7 53. Kf3 Nf5 54. Bf2 Nd6 55. Bg3 Nf5 56. Bf2 e5 57. fxe5 Kxe5 58. Be1 Ne7 59. Bf2 Nd5 60. Be1 Kf5 61. Bd2 f6 62. gxf6 Nxf6 63. Be3 Nd5 64. Bd2 Ke5 65. Be1 Kf5 66. Bd2 Nf6 67. Be3 Ne4 68. Bd4 g5 69. hxg5 Nxg5+ 70. Kg3 h4+ 71. Kg2 Kg4 72. Be5 h3+ 73. Kf2 Ne4+ 74. Kg1 Ng3 75. Kh2 Nf1+ 76. Kg1 Ne3 77. Kh2 Nd5 78. Bd4 Nf4 79. Be5 Kf3 80. Bg7 Ke4 81. Bf6 Kd3 82. Be5 Ne2 83. Kxh3 Nxc3 84. Kg2 Nb5 85. Kf2 Nd4 86. Bf4 c3 87. Ke1 Nc6 0-1

[Event "SVK-chT2C 1516"]
[Site "Slovakia"]
[Date "2015.11.07"]
[Round "3.8"]
[White "Csernok, Ladislav"]
[Black "Durica, Adam"]
[Result "1/2-1/2"]
[WhiteElo "1729"]
[BlackElo "1731"]
[PlyCount "63"]
[EventDate "2015.10.17"]
[EventType "team-tourn"]
[EventRounds "11"]
[EventCountry "SVK"]
[SourceTitle "CBM 169 Extra"]
[Source "ChessBase"]
[SourceDate "2015.12.18"]
[SourceVersion "1"]
[SourceVersionDate "2015.12.18"]
[SourceQuality "1"]
[WhiteTeam "Filakovo"]
[BlackTeam "Liptov Chess School III"]
[WhiteTeamCountry "SVK"]
[BlackTeamCountry "SVK"]

1. e4 e5 2. Nf3 d6 3. d4 Nd7 4. Bc4 c6 5. 0-0 Be7 6. c3 b5 7. Bb3 Ngf6 8. Re1 0-0 9. Bg5 c5 10. Nbd2 Bb7 11. a4 a6 12. Qe2 Qb6 13. axb5 axb5 14. dxe5 Nxe5 15. Nxe5 dxe5 16. Nf3 c4 17. Bc2 Qe6 18. Reb1 Bc5 19. Bxf6 Qxf6 20. b3 cxb3 21. Bxb3 Ba6 22. Bd5 b4 23. Qb2 Rab8 24. cxb4 Bd3 25. Rd1 Rxb4 26. Qxe5 Qxe5 27. Nxe5 Bc2 28. Rdc1 Bd6 29. Rxc2 Bxe5 30. Rac1 g6 31. g3 Kg7 32. Kg2 1/2-1/2

[Event "SVK-chT2C 1516"]
[Site "Slovakia"]
[Date "2015.10.18"]
[Round "2.8"]
[White "Csernok, Ladislav"]
[Black "Paluch, Stefan"]
[Result "1-0"]
[WhiteElo "1729"]
[BlackElo "1788"]
[PlyCount "111"]
[EventDate "2015.10.17"]
[EventType "team-tourn"]
[EventRounds "11"]
[EventCountry "SVK"]
[SourceTitle "CBM 169 Extra"]
[Source "ChessBase"]
[SourceDate "2015.12.18"]
[SourceVersion "1"]
[SourceVersionDate "2015.12.18"]
[SourceQuality "1"]
[WhiteTeam "Filakovo"]
[BlackTeam "Dunajov Inbest II"]
[WhiteTeamCountry "SVK"]
[BlackTeamCountry "SVK"]

1. e4 c5 2. Nc3 e6 3. g3 Nc6 4. Bg2 a6 5. d3 Qc7 6. f4 d6 7. Nf3 Be7 8. 0-0 Nf6 9. Bd2 Bd7 10. Rb1 Rb8 11. h3 b5 12. g4 g6 13. Ne2 0-0 14. Ng3 Ne8 15. f5 d5 16. fxe6 fxe6 17. Ne2 Qd6 18. exd5 exd5 19. Ng5 Bf6 20. Bf4 Be5 21. Bxe5 Nxe5 22. Rxf8+ Kxf8 23. Nxh7+ Kg7 24. Ng5 Nf6 25. d4 Nexg4 26. hxg4 Nxg4 27. Nf3 Rf8 28. dxc5 Qc7 29. Qd4+ Kh6 30. Rd1 Be6 31. Rd3 Bf5 32. Qf4+ Qxf4 33. Nxf4 Bxd3 34. Nxd3 Ne3 35. Nd4 Rc8 36. c6 Kg7 37. Bh3 Nf5 38. Bxf5 gxf5 39. Nxf5+ Kf6 40. Nd4 a5 41. Kf2 Ke7 42. Ke3 b4 43. Nf4 Kd6 44. Kd3 Rg8 45. Nfe6 Rg3+ 46. Ke2 Rg4 47. c7 Rg8 48. Kf3 Rh8 49. Kf4 Rh4+ 50. Kg5 Rh8 51. Kg6 Kd7 52. Kg7 Ra8 53. Kf7 Rc8 54. Nb5 Ra8 55. b3 Ra6 56. Nc5+ 1-0